Islam and Everybody Living / (Record no. 541199)
[ view plain ]
| 000 -LEADER | |
|---|---|
| fixed length control field | 00360nam a22001217a 4500 |
| 082 ## - DEWEY DECIMAL CLASSIFICATION NUMBER | |
| Classification number | 297.27 |
| 100 ## - MAIN ENTRY--PERSONAL NAME | |
| Personal name | Farooqui, Muhammad Zubair |
| 245 ## - TITLE STATEMENT | |
| Title | Islam and Everybody Living / |
| Statement of responsibility, etc. | Muhammad Zubair Farooqui |
| 260 ## - PUBLICATION, DISTRIBUTION, ETC. | |
| Place of publication, distribution, etc. | Islamabad : |
| Name of publisher, distributor, etc. | Dawah Academy, |
| Date of publication, distribution, etc. | 2000. |
| 300 ## - PHYSICAL DESCRIPTION | |
| Extent | 76 p. ; |
| Dimensions | 22cm. |
| 942 ## - ADDED ENTRY ELEMENTS (KOHA) | |
| Source of classification or shelving scheme | |
| Koha item type | Book |
| Withdrawn status | Lost status | Source of classification or shelving scheme | Damaged status | Not for loan | Permanent Location | Current Location | Date acquired | Source of acquisition | Total Checkouts | Full call number | Barcode | Date last seen | Price effective from | Koha item type |
|---|---|---|---|---|---|---|---|---|---|---|---|---|---|---|
| Central Library (CL) | Central Library (CL) | 12/04/2020 | Donation | 297.27 FAR | CL-D-1032 | 12/04/2020 | 12/04/2020 | Book |
